000
00198 a2200097 4500
001
4861
100
_a
Knight,R.A.G
245
_a
Adhersives for wood
260
_a
_b
Chapman
_c
090
_c
4052
_d
4052
942
_a
NUST-CAE
_c
M
_c
30326
999
_c
239934
_d
239934